MARC details
| 000 -LEADER |
| fixed length control field |
01981nam a2200433 a 4500 |
| 001 - CONTROL NUMBER |
| control field |
vtls001129465 |
| 003 - CONTROL NUMBER IDENTIFIER |
| control field |
NLI |
| 005 - DATE AND TIME OF LATEST TRANSACTION |
| control field |
20210603133439.0 |
| 008 - FIXED-LENGTH DATA ELEMENTS--GENERAL INFORMATION |
| fixed length control field |
120325n ii 000 0 hin |
| 020 ## - INTERNATIONAL STANDARD BOOK NUMBER |
| Terms of availability |
Rs.1 (pbk.) |
| 039 #9 - LEVEL OF BIBLIOGRAPHIC CONTROL AND CODING DETAIL [OBSOLETE] |
| Level of rules in bibliographic description |
201703221343 |
| Level of effort used to assign nonsubject heading access points |
prashastij |
| -- |
201203251743 |
| -- |
VLOAD |
| 040 ## - CATALOGING SOURCE |
| Original cataloging agency |
NLI |
| Language of cataloging |
hineng |
| Transcribing agency |
Datasoft_Hindi |
| Description conventions |
AACR2 |
| 041 1# - LANGUAGE CODE |
| Language code of text/sound track or separate title |
hin |
| 044 ## - COUNTRY OF PUBLISHING/PRODUCING ENTITY CODE |
| MARC country code |
ii |
| 082 04 - DEWEY DECIMAL CLASSIFICATION NUMBER |
| Classification number |
174 |
| 100 1# - MAIN ENTRY--PERSONAL NAME |
| Linkage |
880-01 |
| Personal name |
मार्डेन, ओरिसन स्वेट |
| Dates associated with a name |
1848-1924 |
| 245 10 - TITLE STATEMENT |
| Linkage |
880-02 |
| Title |
सफल कैसें हो ? / |
| Statement of responsibility, etc. |
स्वेट मार्डेन ; अनुवादक सन्तोष कुमारी |
| 246 0# - VARYING FORM OF TITLE |
| Title proper/short title |
हौ टू गेट व्हॉट यू वांट (How to get what you want) |
| 260 ## - PUBLICATION, DISTRIBUTION, ETC. |
| Place of publication, distribution, etc. |
दिल्ली : |
| Name of publisher, distributor, etc. |
हिन्द पॉकेट बूक्स, |
| Date of publication, distribution, etc. |
[n.d.] |
| 300 ## - PHYSICAL DESCRIPTION |
| Extent |
125 p. ; |
| Dimensions |
16- cm. |
| 500 ## - GENERAL NOTE |
| General note |
विश्व-विख्यात विचारक स्वेट मार्डेन की सुप्रसिद्घ पुस्तक |
| 500 ## - GENERAL NOTE |
| General note |
हौ टू गेट व्हॉट यू वांट : अंग्रेजी से अनुवादित |
| 650 #0 - SUBJECT ADDED ENTRY--TOPICAL TERM |
| Topical term or geographic name entry element |
Succes |
| 9 (RLIN) |
198538 |
| 650 #0 - SUBJECT ADDED ENTRY--TOPICAL TERM |
| Topical term or geographic name entry element |
Conduct of life |
| 9 (RLIN) |
2337 |
| 650 #0 - SUBJECT ADDED ENTRY--TOPICAL TERM |
| Topical term or geographic name entry element |
Life skills |
| 9 (RLIN) |
2036 |
| 650 #0 - SUBJECT ADDED ENTRY--TOPICAL TERM |
| Topical term or geographic name entry element |
Professional ethics |
| 9 (RLIN) |
4854 |
| 650 #0 - SUBJECT ADDED ENTRY--TOPICAL TERM |
| Topical term or geographic name entry element |
Ethics |
| 9 (RLIN) |
1373 |
| 700 0# - ADDED ENTRY--PERSONAL NAME |
| Linkage |
880-03 |
| Personal name |
सन्तोष कुमारी, |
| Relationship |
अनु |
| 9 (RLIN) |
165 |
| 880 10 - ALTERNATE GRAPHIC REPRESENTATION |
| Linkage |
245-02(B |
| a |
Safal keiseṁ ho? / |
| c |
Swet Modern ; translated by Santoṣ Kumārī |
| 880 1# - ALTERNATE GRAPHIC REPRESENTATION |
| Linkage |
100-01(B |
| a |
Modern, Swet |
| 880 0# - ALTERNATE GRAPHIC REPRESENTATION |
| Linkage |
700-03(B |
| a |
Santoṣ Kumārī |
| 4 |
trl |
| 887 ## - NON-MARC INFORMATION FIELD |
| Content of non-MARC field |
Prashasti jaiswal |
| 901 ## - LOCAL DATA ELEMENT A, LDA (RLIN) |
| a |
3282 |
| b |
16.8.60 |
| 902 ## - LOCAL DATA ELEMENT B, LDB (RLIN) |
| a |
H 174 M 893SK |
| 904 ## - LOCAL DATA ELEMENT D, LDD (RLIN) |
| a |
Prashasti jaiswal |
| 942 ## - ADDED ENTRY ELEMENTS (KOHA) |
| Source of classification or shelving scheme |
Dewey Decimal Classification |
| Koha item type |
Books |
| 949 ## - LOCAL PROCESSING INFORMATION (OCLC) |
| -- |
VIRTUAITEM |
| -- |
10000 |
| -- |
100 |
| 6 |
HIN000003282HIN |